Movies Quiz

Random Movies or Director Quiz

David Lean Movies Quiz Stats

 Plays Quiz Updated Mar 31, 2020

     
Support Sporcle.
Go Orange.
Score 0/16 Timer 06:00
0 Plays Today
Year Movie % Correct
1962Lawrence of Arabia
91.3%
1957The Bridge on the River Kwai
77.3%
1965Doctor Zhivago
73.6%
1984A Passage to India
59.6%
1946Great Expectations
53%
1945Brief Encounter
50.2%
1948Oliver Twist
47.3%
1970Ryan's Daughter
46.3%
Year Movie % Correct
1955Summertime
24.9%
1942In Which We Serve
24.9%
1954Hobson's Choice
22.2%
1945Blithe Spirit
20.6%
1944This Happy Breed
15.6%
1952The Sound Barrier
14.5%
1950Madeleine
12.7%
1949The Passionate Friends
11.6%

From the Vault

20th Century Events by Lego

by Pilgab

History 2m
Sometimes, it's hard to Lego of the past.
Remove Ads.
Support Sporcle.
Get the best of Sporcle when you Go Orange. This ad-free experience offers more features, more stats, and more fun while also helping to support Sporcle. Thank you for becoming a member.

Show Comments

Extras

Top Quizzes Today


Score Distribution

Your Account Isn't Verified!

In order to create a playlist on Sporcle, you need to verify the email address you used during registration. Go to your Sporcle Settings to finish the process.

Report this User

Report this user for behavior that violates our Community Guidelines.

Details: